A Definitive Quiz of Ramones Songs - Statistics

General Stats
  • This quiz has been taken 52 times
    5 since last reset
  • The average score is 116 of 225
Answer Stats
¡Adios Amigos! Song % Correct
Ramones 53rd & 3rd
100%
End of the Century Baby, I Love You
100%
Ramones Blitzkrieg Bop
100%
Leave Home Carbona Not Glue
100%
Ramones Chain Saw
100%
End of the Century Chinese Rock
100%
Leave Home Commando
100%
Mondo Bizarro C********t
100%
Rocket to Russia Do You Wanna Dance?
100%
Subterranean Jungle Everytime I Eat Vegetables It Makes Me Think of You
100%
Ramones I Don't Wanna Go Down to the Basement
100%
Ramones I Don't Wanna Walk Around With You
100%
Road to Ruin I Don't Want You
100%
Road to Ruin I Just Want to Have Something to Do
100%
¡Adios Amigos! I Love You
100%
Leave Home I Remember You
100%
Ramones I Wanna Be Your Boyfriend
100%
Ramones Judy Is a Punk
100%
Leave Home Oh Oh I Lover Her So
100%
Leave Home Pinhead
100%
Rocket to Russia Ramona
100%
Rocket to Russia Sheena Is a Punk Rocker
100%
Too Tough to Die (Bonus) Smash You
100%
Animal Boy Something to Believe In
100%
Rocket to Russia Teenage Lobotomy
100%
End of the Century The Return of Jackie and Judy
100%
Rocket to Russia We're a Happy Family
100%
Subterranean Jungle What'd Ya Do?
100%
Acid Eaters 7 and 7 Is
67%
Leave Home (Bonus) Babysitter
67%
Road to Ruin Bad Brain
67%
Ramones Beat on the Brat
67%
Halfway to Sanity Bye Bye Baby
67%
Leave Home California Sun
67%
Brain Drain Come Back, Baby
67%
Rock 'N' Roll High School Come On Let's Go
67%
Pleasant Dreams Come On Now
67%
Rocket to Russia Cretin Hop
67%
Halfway to Sanity Death of Me
67%
Pleasant Dreams Don't Go
67%
End of the Century Do You Remember Rock 'n' Roll Radio?
67%
Leave Home Gimme Gimme Shock Treatment
67%
Live Only Girl What You Want from Me
67%
Leave Home Glad to See You Go
67%
Halfway to Sanity Go Lil Camaro Go
67%
Ramones Havana Affair
67%
Rocket to Russia Here Today, Gone Tomorrow
67%
Ramones (Bonus) I Can't Be
67%
Rocket to Russia I Can't Give You Anything
67%
Rocket to Russia I Don't Care
67%
Live Only I Don't Like Nobody That Don't Like Me
67%
Ramones (Bonus) I Don't Wanna Be Learned/I Don't Wanna Be Tamed
67%
Halfway to Sanity I Know Better Now
67%
Live Only I'll Remember
67%
Subterranean Jungle I Need Your Love
67%
Rocket to Russia I Wanna Be Well
67%
Pleasant Dreams (Bonus) I Wasn't Looking For Love
67%
Pleasant Dreams (Bonus) Kicks to Try
67%
Brain Drain Learn to Listen
67%
Ramones Let's Dance
67%
End of the Century Let's Go
67%
Ramones Listen to My Heart
67%
Rocket to Russia Locket Love
67%
Ramones Loudmouth
67%
Animal Boy My Brain Is Hanging Upside Down (Bonzo Goes to Bitburg)
67%
Road to Ruin Needles and Pins
67%
Too Tough to Die No Go
67%
Leave Home Now I Wanna Be a Good Boy
67%
Ramones Now I Wanna Sniff Some Glue
67%
Too Tough to Die (Bonus) Out of Here
67%
Mondo Bizarro Poison Heart
67%
¡Adios Amigos! (Bonus) R.A.M.O.N.E.S.
67%
Rocket to Russia Rockaway Beach
67%
End of the Century Rock 'n' Roll High School
67%
Animal Boy She Belongs to Me
67%
Subterranean Jungle Somebody Like Me
67%
Animal Boy Somebody Put Something in My Drink
67%
Acid Eaters Somebody to Love
67%
Acid Eaters Surf City
67%
Rocket to Russia Surfin' Bird
67%
Acid Eaters (Bonus) Surfin' Safari
67%
Leave Home Suzy Is a Headbanger
67%
Leave Home Swallow My Pride
67%
¡Adios Amigos! Take the Pain Away
67%
Mondo Bizarro The Job That Ate My Brain
67%
Pleasant Dreams The KKK Took My Baby Away
67%
End of the Century This Ain't Havana
67%
Pleasant Dreams This Business is Killing Me
67%
Subterranean Jungle Time Has Come Today
67%
Ramones Today Your Love, Tomorrow the World
67%
Mondo Bizarro Tomorrow She Goes Away
67%
Leave Home What's Your Game
67%
Pleasant Dreams You Didn't Mean Anything to Me
67%
Leave Home You're Gonna Kill That Girl
67%
Leave Home You Should Have Never Opened That Door
67%
Pleasant Dreams 7-11
33%
Brain Drain All Screwed Up
33%
Pleasant Dreams All's Quiet on the Eastern Front
33%
End of the Century All the Way
33%
Animal Boy Animal Boy
33%
Mondo Bizarro Anxiety
33%
Live Only Any Way You Want It
33%
Animal Boy Apeman Hop
33%
Halfway to Sanity A Real Cool Time
33%
Live Only Big Empty
33%
Halfway to Sanity Bop Til' You Drop
33%
¡Adios Amigos! Born to Die in Berlin
33%
Subterranean Jungle (Bonus) Bumming Along
33%
Mondo Bizarro Cabbies on Crack
33%
Brain Drain Can't Get You Outta My Mind
33%
Acid Eaters Can't Seem to Make You Mine
33%
Live Only Can You Feel the Love Tonight
33%
Too Tough to Die Chasing the Night
33%
Pleasant Dreams (Bonus) Chop Suey
33%
Road to Ruin (Bonus) Come Back, She Cried aka I Walk Out
33%
¡Adios Amigos! Cretin Family
33%
Animal Boy Crummy Stuff
33%
Too Tough to Die Danger Zone
33%
End of the Century Danny Says
33%
Too Tough to Die Daytime Dilemma (Dangers of Love)
33%
Brain Drain Don't Bust My Chops
33%
Road to Ruin Don't Come Close
33%
Too Tough to Die Durango 95
33%
Animal Boy Eat That Rat
33%
Too Tough to Die (Bonus) Elevator Operator
33%
Too Tough to Die Endless Vacation
33%
Ad Fill My Cup
33%
Animal Boy Freak of Nature
33%
Halfway to Sanity Garden of Serenity
33%
Ad Gimme My Steel Reserve
33%
Live Only Girl, You'll Be a Woman Soon
33%
Animal Boy (Bonus) Go Home Ann
33%
Road to Ruin Go Mental
33%
¡Adios Amigos! Got a Lot to Say
33%
Animal Boy Hair of the Dog
33%
Rosebud (The Simpsons) Happy Birthday, Mr. Burns
33%
¡Adios Amigos! Have a Nice Day
33%
Acid Eaters Have You Ever Seen the Rain?
33%
Mondo Bizarro Heidi Is a Headcase
33%
Subterranean Jungle Highest Trails Above
33%
Ad High Gravity Lager
33%
End of the Century High Risk Insurance
33%
Too Tough to Die Howling at the Moon (Sha-La-La)
33%
Too Tough to Die Humankind
33%
Brain Drain I Believe In Miracles
33%
Acid Eaters I Can't Control Myself
33%
End of the Century I Can't Make It on Time
33%
¡Adios Amigos! I Don't Want to Grow Up
33%
Animal Boy (Bonus) I Don't Want to Live This Life (Anymore)
33%
Brain Drain Ignorance is Bliss
33%
Halfway to Sanity I Lost My Mind
33%
End of the Century I'm Affected
33%
Road to Ruin I'm Against It
33%
Too Tough to Die I'm Not Afraid of Life
33%
Pleasant Dreams (Bonus) I'm Not an Answer
33%
Halfway to Sanity I'm Not Jesus
33%
Subterranean Jungle (Bonus) Indian Giver
33%
Subterranean Jungle In the Park
33%
Road to Ruin It's a Long Way Back
33%
Mondo Bizarro It's Gonna Be Alright
33%
¡Adios Amigos! It's Not for Me to Know
33%
Pleasant Dreams It's Not My Place (In the 9 to 5 World)
33%
Road to Ruin I Wanna Be Sedated
33%
Halfway to Sanity I Wanna Live
33%
Road to Ruin I Wanted Everything
33%
Road to Ruin (Bonus) I Want You Around
33%
Mondo Bizarro I Won't Let it Happen
33%
Acid Eaters Journey to the Center of the Mind
33%
Halfway to Sanity (Bonus) Life Goes On
33%
¡Adios Amigos! Life's a Gas
33%
Subterranean Jungle Little Bit O' Soul
33%
Animal Boy Love Kills
33%
Mondo Bizarro Main Man
33%
¡Adios Amigos! Makin' Monsters for My Friends
33%
Too Tough to Die Mama's Boy
33%
Animal Boy Mental Hell
33%
Brain Drain Merry Christmas (I Don't Want to Fight Tonight)
33%
Acid Eaters My Back Pages
33%
Subterranean Jungle My-My Kind of Girl
33%
Subterranean Jungle (Bonus) New Girl in Town
33%
Subterranean Jungle (Bonus) No One to Blame
33%
Acid Eaters Out of Time
33%
Subterranean Jungle Outsider
33%
Brain Drain Palisades Park
33%
Mondo Bizarro (Bonus) Perfect Day
33%
Brain Drain Pet Sematary
33%
Too Tough to Die Planet Earth 1988
33%
End of the Century (Bonus) Please Don't Leave
33%
Subterranean Jungle Psycho Therapy
33%
Brain Drain Punishment Fits the Crime
33%
Road to Ruin Questioningly
33%
Live Only Regulate
33%
Subterranean Jungle (Bonus) Roots of Hatred
33%
¡Adios Amigos! Scattergun
33%
Pleasant Dreams She's a Sensation
33%
Road to Ruin She's the One
33%
¡Adios Amigos! She Talks to Rainbows
33%
Pleasant Dreams Sitting in My Room
33%
Pleasant Dreams (Bonus) Sleeping Troubles
33%
Rocket to Russia (Bonus) Slug
33%
Mondo Bizarro (Bonus) Spiderman
33%
Pleasant Dreams (Bonus) Stares in This Town
33%
Too Tough to Die (Bonus) Street Fighting Man
33%
Mondo Bizarro Strength to Endure
33%
Acid Eaters Substitute
33%
Live Only Succubus
33%
Mondo Bizarro Take It as It Comes
33%
¡Adios Amigos! The Crusher
33%
Acid Eaters The Shape of Things to Come
33%
Subterranean Jungle Time Bomb
33%
¡Adios Amigos! (Bonus) Tomorrow Never Comes
33%
Too Tough to Die Too Tough to Die
33%
Mondo Bizarro Touring
33%
Subterranean Jungle (Bonus) Unhappy Girl
33%
Too Tough to Die Wart Hog
33%
Halfway to Sanity Weasel Face
33%
Pleasant Dreams We Want the Airwaves
33%
Acid Eaters When I Was Young
33%
Live Only Why Did She Write That Letter
33%
Rocket to Russia Why Is It Alway This Way?
33%
Halfway to Sanity Worm Man
33%
Road to Ruin (Bonus) Yea, Yea
33%
Animal Boy (Bonus) (You) Can't Say Anything Nice
33%
Pleasant Dreams You Sound Like You're Sick
33%
Brain Drain Zero Zero UFO
33%
No matching quizzes found
Score Distribution
Percent of People with Each Score
Percentile by Number Answered
Your Score History
You have not taken this quiz since the last reset